Регионална библиотека "Любен Каравелов" - Русе

Народната къща (Запис номер 115009)

MARC детайли
000 -Лидер
Контролно поле с фиксирана дължина 02032nam a2200337 c 4500
003 - Код на организацията, давaща контролен номер
Контролно поле BLK
005 - Дата и час на последна редакция
Контролно поле 20180420231026.0
008 - Елементи от данни с фиксирана дължина
fixed length control field 180409b bul|||||r ||||||| ||bul||
010 ## - Наследен системен номер
LC control number KNG00120466000
040 ## - Източник на каталожния запис
Идентификатор на билиотеката - собственик на записа BLK
041 ## - Код за език
Код за езика на текст/звукозапис или на отделно заглавие Български
Код за езика КДБФ Български
080 ## - УДК
Текстов определител УДК Жилищна архитектура
УДК код - определител по УДК 728
УДК определител (497.2)(091)
УДК - код + определител 728(497.2)(091)
080 ## - УДК
Текстов определител УДК Интериор (художествено оформление на вътрешността на сградите)
УДК код - определител по УДК 747
УДК определител (497.2)(091)
УДК - код + определител 747(497.2)(091)
080 ## - УДК
Текстов определител УДК Нрави и обичаи в частния живот. Обреди при раждане, кръщене, пълнолетие, жертвопринасяне, сватба, семеен живот, брак, любов, дружба, гостоприемство, осиновяване и др.
УДК код - определител по УДК 392
УДК определител (497.2)
УДК - код + определител 392(497.2)
100 1# - Редна дума - Автор
Автор Георгиева, Багра Храброва
Авторска отговорност първи автор
R(LIN) 243197
139 ## - Редно поле
Редна дума Георгиева, Багра Храброва и др.
Авторски знак Георгиев - Г 37
245 10 - Сведения за заглавието
Заглавие Народната къща
Подзаглавни данни Вътр. артхитектура, уредба и покъщнина : Моногр.
Редно поле (дума) Багра Храброва Георгиева; съавт. Иван Темелков Иванчев; съавт. Лилия Христова Пенева.
257 ## - Страна на издаване
Страна на създаване/издаване България
260 ## - Област на издателските данни
-- София
Име на издателя, разпространителя и проч. БАН
Година на издаване 1980
300 ## - Физическа характеристика
Страници 296 с.
Илюстрации и др. с ил.
Размери/Мащаб 28 см
380 ## - Жанр
Жанр Изкуство
490 1# - СЕРИИ (Колекции)
Име на серия Българско художествено наследство
№: серия 5
500 ## - Общи забележки
Забележка Изд. на БАН. Инст. за изкуствознание ; Етногр. инст. с музей. - Рез. на рус., англ. ез
700 1# - Други автори (авторска отговорност)
Лично име Иванчев, Иван Темелков
Автороска отговорност (Описва отношението между автора и произведението) съавт.
9 (RLIN) 313835
700 1# - Други автори (авторска отговорност)
Лично име Пенева, Лилия Христова
Автороска отговорност (Описва отношението между автора и произведението) съавт.
9 (RLIN) 313836
852 ## - Местоположение
Форматна сигнатура Цб ІІ 5994
856 4# - Електронен адрес и достъп
Електронен формат pdf - файл
Път до файла /url/
856 4# - Електронен адрес и достъп
Електронен формат pdf - файл
Път до файла /url/
942 ## - АРТИКУЛИ
Вид на библиотечния материал Книги
Скрит в OPAC Не
944 ## - СЪЗДАВАНЕ И РЕДАКЦИЯ на ЗАПИСА
Създаване/Редакция Създаване
Дата на регистрацията/редакция 16.12.2010
Статус, дата на статуса добави в АБ / 15.12.2010
Служител, извършил регистрацията/редакцията Ирена_Линкова
944 ## - СЪЗДАВАНЕ И РЕДАКЦИЯ на ЗАПИСА
Създаване/Редакция Редакция
Дата на регистрацията/редакция 11.08.2015
Статус, дата на статуса добави в АБ / 15.12.2010
Служител, извършил регистрацията/редакцията
999 ## - СИСТЕМНИ КОНТРОЛНИ НОМЕРА
Koha biblionumber 115009
Koha biblioitemnumber 115009
Наличности
Код за отписване Код за изгубен артикул Източник на класификационната схема Код за повреда Коз за рестрикции Код за отдаване Артикулен № Име на библиотеката - собственик Име на библиотеката, в която се намира в момента Статус (Текущо местоположение) Дата на вписване в системата Местоположение - отдел Цена в лева Инвентарен номер Систематично азбучна сигнатура Баркод Номер на екземпляра Цена в евро Служебна бележка Служебен тип на артикула
  Не е изгубен Universal Decimal Classification Не е повреден без рестрикции заемане за дома 184558 Регионална библиотека "Любен Каравелов" Русе Регионална библиотека "Любен Каравелов" Русе Отдел Изкуство - подръчен фонд 1980-01-01 Отдел Изкуство - подръчен фонд 10.14 318426 728/Г 37 120000318426 1 5.18 N: стар фонд Дата: 01.01.1980 Дата инв: 06.06.2012 Бележки инв: * Книги
  Не е изгубен Universal Decimal Classification Не е повреден само за читалня ползва се в читалня 184559 Регионална библиотека "Любен Каравелов" Русе Регионална библиотека "Любен Каравелов" Русе Хранилище 1980-01-01 Хранилище 10.14 317395 Цб ІІ 5994 120000317395 2 5.18 Дост: Dp Вид: Д N: стар фонд Дата: 01.01.1980 Книги
Vip Innovations Ltd, Rousse, Bulgaria 2025